[Event "22ème Open de Saint-Affrique"]
[Site "Saint Affrique (12)"]
[Date "2014.07.24"]
[Round "7.24"]
[White "Sempe, Pierre"]
[Black "Lazov, Stefan"]
[Result "1/2-1/2"]
[WhiteElo "1659"]
[BlackElo "1894"]
[PlyCount "54"]
[EventDate "2014.??.??"]
[Source "Sylvain Rivier"]
[SourceDate "2014.07.26"]

1. e4 c5 2. Nf3 d6 3. c3 Nf6 4. Be2 Nc6 5. d3 e6 6. O-O Be7 7. Re1 O-O 8. Bf1
d5 9. e5 Nd7 10. d4 Rb8 11. a4 cxd4 12. cxd4 Nb4 13. Bd2 b6 14. Qb3 a5 15. Na3
Ra8 16. Rac1 Nb8 17. Re3 Ba6 18. Nb5 Bxb5 19. Bxb5 N8a6 20. Rec3 Qb8 21. Ne1
Qb7 22. Rg3 Rfc8 23. Qe3 Rxc1 24. Bxc1 Rc8 25. Qh6 Bf8 26. Bd2 Qc7 27. Qf6 Qd8
1/2-1/2

[Event "22ème Open de Saint-Affrique"]
[Site "Saint Affrique (12)"]
[Date "2014.07.24"]
[Round "7.25"]
[White "Baudewyn, Ludovic"]
[Black "Joyeux, Gerard"]
[Result "1-0"]
[WhiteElo "1843"]
[BlackElo "1692"]
[PlyCount "71"]
[EventDate "2014.??.??"]
[Source "Sylvain Rivier"]
[SourceDate "2014.07.26"]

1. d4 d5 2. c4 e5 3. dxe5 d4 4. Nf3 Nc6 5. g3 Nge7 6. Bg5 h6 7. Bxe7 Bxe7 8.
Bg2 O-O 9. Nbd2 Bb4 10. O-O Bxd2 11. Qxd2 Re8 12. Rad1 Nxe5 13. Qxd4 Qxd4 14.
Rxd4 Nc6 15. Rd2 Nb4 16. a3 Na6 17. b4 c6 18. e3 Nc7 19. Nd4 c5 20. bxc5 Rb8
21. Rb1 Ne6 22. c6 Nxd4 23. Rxd4 Bf5 24. Rxb7 Rbc8 25. c7 a5 26. g4 Be6 27. Bd5
Kh7 28. Bxe6 fxe6 29. Rd7 Kg6 30. Ra7 Kf6 31. c5 e5 32. Ra6+ Re6 33. Rdd6 Rxd6
34. cxd6 Ke6 35. Kf1 Kd7 36. Rb6 1-0

[Event "22ème Open de Saint-Affrique"]
[Site "Saint Affrique (12)"]
[Date "2014.07.24"]
[Round "7.26"]
[White "Jackson, Daniel"]
[Black "Penalver, Francois"]
[Result "1/2-1/2"]
[WhiteElo "1657"]
[BlackElo "1780"]
[PlyCount "82"]
[EventDate "2014.??.??"]
[Source "Sylvain Rivier"]
[SourceDate "2014.07.26"]

1. d4 Nf6 2. Nf3 g6 3. c4 Bg7 4. Nc3 O-O 5. e4 d6 6. h3 e5 7. d5 a5 8. Bd3 Na6
9. Be3 b6 10. O-O Nc5 11. Bc2 Nh5 12. Nd2 f5 13. exf5 Bxf5 14. Bxf5 Rxf5 15. g4
Nf4 16. Bxf4 Rxf4 17. Qe2 Qh4 18. Kg2 Raf8 19. f3 Rd4 20. Nde4 Nd3 21. Kh1
Qxh3+ 22. Kg1 Nf4 23. Qf2 Qh6 24. Qg3 Qh3 25. Qxh3 Nxh3+ 26. Kh2 Nf4 27. b3 Rd3
28. Rad1 Rxd1 29. Rxd1 h6 30. Nb5 Rf7 31. Rd2 Bf8 32. g5 hxg5 33. Nxg5 Re7 34.
Kg3 Bh6 35. Kg4 Bxg5 36. Kxg5 Kg7 37. Rh2 Kf7 38. Kg4 Nh5 39. Kg5 a4 40. Rf2 e4
41. f4 e3 {suite illisible} 1/2-1/2

[Event "22ème Open de Saint-Affrique"]
[Site "Saint Affrique (12)"]
[Date "2014.07.24"]
[Round "7.27"]
[White "Guerzeder, Thomas"]
[Black "Flaujac, Benoit"]
[Result "0-1"]
[WhiteElo "1652"]
[BlackElo "1702"]
[PlyCount "78"]
[EventDate "2014.??.??"]
[Source "Sylvain Rivier"]
[SourceDate "2014.07.26"]

1. d4 Nf6 2. Nf3 e6 3. g3 d5 4. Bg2 Bd6 5. O-O Nbd7 6. c4 b6 7. Nc3 Bb7 8. Nb5
dxc4 9. Qc2 a6 10. Nxd6+ cxd6 11. Qxc4 Rc8 12. Qb3 O-O 13. Bf4 e5 14. dxe5 dxe5
15. Nxe5 Bxg2 16. Kxg2 Nc5 17. Qf3 Ne6 18. Rfd1 Nxf4+ 19. Qxf4 Qc7 20. Rac1
Qb7+ 21. Qf3 Qxf3+ 22. Kxf3 h6 23. Rxc8 Rxc8 24. Rd6 Rc5 25. Nd3 Rf5+ 26. Kg2
Rb5 27. b4 a5 28. a4 Rd5 29. Rxb6 axb4 30. Nxb4 Re5 31. e3 Nd7 32. Rb7 Nf6 33.
Nc6 Rc5 34. Rc7 Kh7 35. a5 Nd5 36. Rc8 Nb4 37. Kf3 Nxc6 38. Ke2 Nd4+ 39. exd4
Rxc8 0-1

[Event "22ème Open de Saint-Affrique"]
[Site "Saint Affrique (12)"]
[Date "2014.07.24"]
[Round "7.28"]
[White "Lafitte, Luc"]
[Black "Boulier, Rene"]
[Result "1-0"]
[WhiteElo "1867"]
[BlackElo "1651"]
[PlyCount "65"]
[EventDate "2014.??.??"]
[Source "Sylvain Rivier"]
[SourceDate "2014.07.26"]

1. e4 e6 2. d4 b6 3. Bd3 d5 4. Nf3 Nf6 5. Qe2 Be7 6. Nc3 c6 7. O-O a5 8. Bf4
Ba6 9. Bxb8 Bxd3 10. Qxd3 Rxb8 11. e5 Nd7 12. Ne2 c5 13. c3 O-O 14. a4 Re8 15.
Rfe1 Qc7 16. h4 f5 17. exf6 Bxf6 18. Ng3 c4 19. Qd2 Nf8 20. h5 Rb7 21. Ne5 Bxe5
22. Rxe5 Nd7 23. Re3 Qc6 24. Qc2 Nf6 25. Rae1 b5 26. Nf5 exf5 27. Rxe8+ Nxe8
28. Qxf5 Nf6 29. Re6 Qd7 30. h6 Ne8 31. Qe5 Nf6 32. hxg7 bxa4 33. Rxf6 1-0

[Event "22ème Open de Saint-Affrique"]
[Site "Saint Affrique (12)"]
[Date "2014.07.24"]
[Round "7.29"]
[White "Danielian, Kevin"]
[Black "Bernard, Anthony"]
[Result "1-0"]
[WhiteElo "1848"]
[BlackElo "1636"]
[PlyCount "67"]
[EventDate "2014.??.??"]
[Source "Sylvain Rivier"]
[SourceDate "2014.07.26"]

1. d4 Nf6 2. c4 e6 3. Nc3 Bb4 4. e3 O-O 5. Nf3 d6 6. Qc2 Nbd7 7. a3 Bxc3+ 8.
Qxc3 Qe7 9. Be2 e5 10. O-O Re8 11. b4 e4 12. Nd2 d5 13. c5 c6 14. a4 a6 15. Ba3
Nf8 16. Rfb1 Bd7 17. b5 axb5 18. axb5 Reb8 19. b6 Ne6 20. Bb4 Rxa1 21. Rxa1 Qd8
22. Ra7 Qc8 23. Qa3 Kf8 24. Nb3 Ng8 25. Na5 Nd8 26. Be1 Ne7 27. f3 exf3 28.
Bxf3 Nf5 29. Bd1 Be6 30. Bc2 h6 31. Bxf5 Bxf5 32. Bg3 Ra8 33. Nxc6 Rxa7 34.
bxa7 1-0

[Event "22ème Open de Saint-Affrique"]
[Site "Saint Affrique (12)"]
[Date "2014.07.24"]
[Round "7.30"]
[White "Marie, Olivier"]
[Black "Bouchet, Jean-Louis"]
[Result "0-1"]
[WhiteElo "1633"]
[BlackElo "1795"]
[PlyCount "82"]
[EventDate "2014.??.??"]
[Source "Sylvain Rivier"]
[SourceDate "2014.07.26"]

1. e4 g6 2. Na3 Bg7 3. Rb1 c6 4. Nf3 d5 5. exd5 cxd5 6. b4 Nf6 7. Bd3 O-O 8.
Bb2 b6 9. Ba1 Bb7 10. O-O Nbd7 11. Re1 a5 12. b5 Rc8 13. Bf1 e6 14. c3 Ne4 15.
Nc2 Re8 16. Ncd4 Nb8 17. a4 e5 18. Ne2 Nd7 19. Ng3 f5 20. Qb3 Kh8 21. Qa2 Ndf6
22. Red1 h5 23. h3 Qc7 24. Ne1 Nxg3 25. fxg3 e4 26. c4 dxc4 27. Bd4 Qxg3 28.
Bxb6 Bd5 29. Bd4 h4 30. Qb2 Nh5 31. Bxg7+ Nxg7 32. b6 Kh7 33. Qb5 Bb7 34. Qxa5
e3 35. Rbc1 Qf2+ 36. Kh2 exd2 37. Rxc4 Rxc4 38. Nf3 Bxf3 39. b7 Qg3+ 40. Kh1
Bxg2+ 41. Kg1 Bf3+ 0-1

[Event "22ème Open de Saint-Affrique"]
[Site "Saint Affrique (12)"]
[Date "2014.07.24"]
[Round "7.31"]
[White "Del Valle, Clemence"]
[Black "Claisse, Patrick"]
[Result "1/2-1/2"]
[WhiteElo "1627"]
[BlackElo "1788"]
[PlyCount "50"]
[EventDate "2014.??.??"]
[Source "Sylvain Rivier"]
[SourceDate "2014.07.26"]

1. e4 c5 2. Nf3 d6 3. c3 Nf6 4. Bd3 Nc6 5. Bc2 g6 6. O-O Bg7 7. a3 O-O 8. d4
Bg4 9. Be3 Nd7 10. dxc5 Nxc5 11. Nbd2 Ne5 12. h3 Nxf3+ 13. Nxf3 Bd7 14. Bd4 Ne6
15. Bxg7 Kxg7 16. e5 dxe5 17. Nxe5 Bb5 18. Re1 Qxd1 19. Raxd1 Nc5 20. b4 Ba4
21. Bxa4 Nxa4 22. c4 Rfd8 23. c5 Nc3 24. Rxd8 Rxd8 25. Nc4 Rd7 1/2-1/2

[Event "22ème Open de Saint-Affrique"]
[Site "Saint Affrique (12)"]
[Date "2014.07.24"]
[Round "7.32"]
[White "Meyer, Eric"]
[Black "Baudry, Remi"]
[Result "0-1"]
[WhiteElo "1622"]
[BlackElo "1770"]
[PlyCount "75"]
[EventDate "2014.??.??"]
[Source "Sylvain Rivier"]
[SourceDate "2014.07.26"]

1. d4 d6 2. Nf3 Nd7 3. Bf4 g6 4. c4 Bg7 5. Nc3 c6 6. e4 e5 7. dxe5 dxe5 8. Bg5
Ngf6 9. h3 O-O 10. Qc2 h6 11. Be3 Nh5 12. O-O-O Qe7 13. g3 a6 14. Qd2 Kh7 15.
g4 Nf4 16. Qd6 Re8 17. Ne2 Ne6 18. Qd2 b5 19. Qd6 Ndc5 20. Qxc6 Bb7 21. Qb6
Nxe4 22. Bg2 Rac8 23. Kb1 bxc4 24. Qa5 c3 25. Nxc3 Nxc3+ 26. bxc3 Be4+ 27. Kb2
Qb7+ 28. Qb4 Bxf3 29. Qxb7 Bxb7 30. Bxb7 Rc7 31. Be4 Rb8+ 32. Kc2 Nd4+ 33. Kd3
Nb5 34. c4 Na3 35. Rc1 Rb2 36. Rc3 Rd7+ 37. Bd5 f5 38. Rhc1 0-1

[Event "22ème Open de Saint-Affrique"]
[Site "Saint Affrique (12)"]
[Date "2014.07.24"]
[Round "7.33"]
[White "Soissong, Elzbieta"]
[Black "Costa, Anthony"]
[Result "1-0"]
[WhiteElo "1620"]
[BlackElo "1764"]
[PlyCount "70"]
[EventDate "2014.??.??"]
[Source "Sylvain Rivier"]
[SourceDate "2014.07.26"]

1. d4 Nf6 2. Nf3 g6 3. e3 Bg7 4. b4 d6 5. Bb2 O-O 6. c4 Nbd7 7. Nbd2 a5 8. bxa5
Rxa5 9. Nb3 Ra8 10. Be2 Nb6 11. O-O Bg4 12. Nbd2 Na4 13. Qc1 Nxb2 14. Qxb2 b6
15. h3 Bf5 16. g4 Bc8 17. Qc2 h5 18. Nh2 hxg4 19. hxg4 Nd7 20. Bf3 Ra7 21. Rab1
e5 22. d5 Nc5 23. e4 f5 24. Rfe1 fxg4 25. Nxg4 Qg5 26. Qd1 Rxa2 27. Nf1 Bxg4
28. Bxg4 Rd2 29. Nxd2 Nd3 30. Rf1 Bh6 31. Nb3 Rf4 32. f3 Rxg4+ 33. fxg4 Qe3+
34. Kg2 Nf4+ 35. Rxf4 exf4 1-0

[Event "22ème Open de Saint-Affrique"]
[Site "Saint Affrique (12)"]
[Date "2014.07.24"]
[Round "7.34"]
[White "Vidal, Frederic"]
[Black "Blanchon, Pascal"]
[Result "1/2-1/2"]
[WhiteElo "1749"]
[BlackElo "1637"]
[PlyCount "49"]
[EventDate "2014.??.??"]
[Source "Sylvain Rivier"]
[SourceDate "2014.07.26"]

1. f4 d5 2. c3 Nf6 3. Qc2 g6 4. d3 c5 5. e4 dxe4 6. dxe4 e6 7. Nf3 Nc6 8. Be3
Bd7 9. Nbd2 Qc7 10. g3 b6 11. e5 Nd5 12. Bf2 f5 13. a3 Qb7 14. c4 Nc7 15. Bg2
Be7 16. Nb3 a5 17. Rd1 Rd8 18. O-O Qc8 19. Nc1 O-O 20. Na2 Na7 21. a4 Bc6 22.
Nc3 Qa8 23. Qe2 Na6 24. Be3 Nc7 25. Rd2 1/2-1/2

[Event "22ème Open de Saint-Affrique"]
[Site "Saint Affrique (12)"]
[Date "2014.07.24"]
[Round "7.35"]
[White "Hernandez, Lara"]
[Black "Esclafit, Pierre"]
[Result "1-0"]
[WhiteElo "1732"]
[BlackElo "1629"]
[PlyCount "45"]
[EventDate "2014.??.??"]
[Source "Sylvain Rivier"]
[SourceDate "2014.07.26"]

1. d4 e6 2. c4 c5 3. d5 exd5 4. cxd5 d6 5. Nc3 Nf6 6. Nf3 g6 7. Bf4 a6 8. a4
Bg7 9. h3 O-O 10. e3 Bf5 11. Qb3 Qa5 12. Nd2 Qc7 13. Nc4 Rd8 14. Bxd6 Rxd6 15.
Nxd6 Qxd6 16. Qxb7 Nfd7 17. Qxa8 Bxc3+ 18. bxc3 Nb6 19. Qa7 Bc8 20. Rb1 N8d7
21. Bxa6 Qxd5 22. O-O Ne5 23. Bxc8 1-0

[Event "22ème Open de Saint-Affrique"]
[Site "Saint Affrique (12)"]
[Date "2014.07.24"]
[Round "7.36"]
[White "Lecoultre, Patrick"]
[Black "Grosse, Tomas"]
[Result "0-1"]
[WhiteElo "1702"]
[BlackElo "1627"]
[PlyCount "114"]
[EventDate "2014.??.??"]
[Source "Sylvain Rivier"]
[SourceDate "2014.07.26"]

1. d4 d5 2. Nf3 Nf6 3. Bg5 e6 4. c4 c6 5. e3 Be7 6. Nbd2 Nbd7 7. Rc1 O-O 8. Bd3
h6 9. Bh4 Re8 10. O-O Qc7 11. Re1 Qb6 12. Qc2 Bd8 13. Bg3 Nh5 14. c5 Qa5 15. b4
Qxb4 16. Rb1 Qa5 17. Nb3 Qa4 18. Bh7+ Kh8 19. Bd3 Nxg3 20. hxg3 b5 21. cxb6
axb6 22. Rec1 Bb7 23. Qc3 Be7 24. Bc2 Qa7 25. Qd3 g6 26. a4 c5 27. dxc5 bxc5
28. Nbd2 Ba6 29. Qa3 Bf6 30. e4 Rab8 31. exd5 exd5 32. Bd3 c4 33. Bf1 Rxb1 34.
Rxb1 c3 35. Nb3 c2 36. Rc1 Bxf1 37. Kxf1 Qa6+ 38. Kg1 Qe2 39. Nbd2 Qd1+ 40. Kh2
Ne5 41. Nxe5 Bxe5 42. Nf3 Kg7 43. Nxe5 Rxe5 44. Qb2 d4 45. g4 Re2 46. a5 Rd2
47. Kh3 h5 48. gxh5 Qxh5+ 49. Kg3 Rd3+ 50. f3 Qg5+ 51. Kh3 Rd2 52. Rxc2 Qxg2+
53. Kh4 Qf2+ 54. Kg4 Rxc2 55. Qb5 Qg2+ 56. Kf4 Qh2+ 57. Ke4 Qe2+ 0-1

[Event "22ème Open de Saint-Affrique"]
[Site "Saint Affrique (12)"]
[Date "2014.07.24"]
[Round "7.37"]
[White "Jackson, Thomas"]
[Black "Raynal, Adrien"]
[Result "0-1"]
[WhiteElo "1694"]
[BlackElo "1591"]
[PlyCount "50"]
[EventDate "2014.??.??"]
[Source "Sylvain Rivier"]
[SourceDate "2014.07.26"]

1. d4 Nf6 2. Bg5 g6 3. Bxf6 exf6 4. e3 Bg7 5. g3 d5 6. Bg2 c6 7. Nd2 Na6 8. Ne2
O-O 9. O-O Be6 10. Nf4 Qe7 11. c3 Nc7 12. Re1 f5 13. h4 f6 14. Nd3 Nb5 15. Qb3
Nd6 16. Nc5 b6 17. Nd3 Ne4 18. Nf3 c5 19. Nf4 Rfd8 20. dxc5 bxc5 21. Rad1 Rab8
22. Qc2 Bf7 23. a3 a5 24. Re2 d4 25. Qc1 Bb3 {suite illisible} 0-1

[Event "22ème Open de Saint-Affrique"]
[Site "Saint Affrique (12)"]
[Date "2014.07.24"]
[Round "7.38"]
[White "Noireaut, Hoan"]
[Black "Pottier, Simeon"]
[Result "0-1"]
[WhiteElo "1674"]
[BlackElo "1619"]
[PlyCount "58"]
[EventDate "2014.??.??"]
[Source "Sylvain Rivier"]
[SourceDate "2014.07.26"]

1. e4 d6 2. d4 Nf6 3. Nc3 g6 4. f3 c6 5. Be3 b5 6. a3 Nbd7 7. Qd2 h6 8. h4 Bb7
9. g4 a6 10. Be2 Qc7 11. Rh3 e5 12. g5 hxg5 13. Bxg5 Bg7 14. Rd1 Nh7 15. Bh6
Bxh6 16. Qxh6 O-O-O 17. Qg7 f5 18. dxe5 dxe5 19. Kf1 Rdg8 20. Qe7 f4 21. Rh2
Nhf6 22. a4 g5 23. axb5 axb5 24. hxg5 Rxh2 25. gxf6 Rh1 26. Bxb5 Rhxg1+ 27. Ke2
R8g2+ 28. Kd3 Rxd1+ 29. Nxd1 cxb5 0-1

[Event "22ème Open de Saint-Affrique"]
[Site "Saint Affrique (12)"]
[Date "2014.07.24"]
[Round "7.39"]
[White "Casasnovas, Vincent"]
[Black "Nguyen, Gael"]
[Result "0-1"]
[WhiteElo "1562"]
[BlackElo "1670"]
[PlyCount "72"]
[EventDate "2014.??.??"]
[Source "Sylvain Rivier"]
[SourceDate "2014.07.26"]

1. d4 Nf6 2. Nf3 g6 3. Bf4 Bg7 4. Qd2 c5 5. Nc3 cxd4 6. Nxd4 Nc6 7. Nxc6 bxc6
8. Bh6 O-O 9. Bxg7 Kxg7 10. e4 Qa5 11. Bc4 d5 12. exd5 cxd5 13. Nxd5 Qxd2+ 14.
Kxd2 Nxd5 15. Bxd5 Rd8 16. c4 e6 17. Kc3 exd5 18. Rad1 Be6 19. c5 Rab8 20. Rd4
Rdc8 21. b4 Kf6 22. g3 a5 23. Rf4+ Ke7 24. a3 axb4+ 25. axb4 Ra8 26. Rb1 Kd7
27. Rd4 Ra2 28. Rb2 Rxb2 29. Kxb2 Kc6 30. Kb3 Kb5 31. h3 Bxh3 32. g4 Bf1 33.
Rf4 Bc4+ 34. Kc3 Ra8 35. Rxf7 d4+ 36. Kxd4 Bxf7 0-1

[Event "22ème Open de Saint-Affrique"]
[Site "Saint Affrique (12)"]
[Date "2014.07.24"]
[Round "7.40"]
[White "Brin-Vervat, Emma"]
[Black "Criticos, Kris"]
[Result "0-1"]
[WhiteElo "1541"]
[BlackElo "1656"]
[PlyCount "94"]
[EventDate "2014.??.??"]
[Source "Sylvain Rivier"]
[SourceDate "2014.07.26"]

1. e4 Nf6 2. Nc3 d5 3. exd5 Nxd5 4. Nxd5 Qxd5 5. d4 Nc6 6. Be3 Bf5 7. c3 e6 8.
Nf3 Be7 9. Be2 O-O 10. O-O Rad8 11. Qa4 a6 12. h3 Rfe8 13. Rfe1 h6 14. Bf4 Bd6
15. Bxd6 Qxd6 16. Qb3 a5 17. Bb5 Re7 18. Qa4 f6 19. Bxc6 Qxc6 20. Qxc6 bxc6 21.
Re3 g5 22. Rae1 Kf7 23. Kh2 h5 24. Kg1 Rg8 25. Nd2 h4 26. Nb3 g4 27. hxg4 Rxg4
28. Nxa5 Re8 29. g3 hxg3 30. Rxg3 Rxg3+ 31. fxg3 Ra8 32. b4 Rg8 33. Kf2 Rh8 34.
Nxc6 Rh2+ 35. Kg1 Rxa2 36. Na5 Bh3 37. Nb3 Rg2+ 38. Kh1 Rxg3 39. Rc1 f5 40. Nc5
f4 41. Ne4 Bg2+ 42. Kh2 Bxe4 43. Rf1 Rg2+ 44. Kh3 f3 45. Re1 Bf5+ 46. Kh4 f2
47. Rf1 Bd3 0-1

[Event "22ème Open de Saint-Affrique"]
[Site "Saint Affrique (12)"]
[Date "2014.07.24"]
[Round "7.41"]
[White "Grimault, Lou"]
[Black "Carno, Matthias"]
[Result "0-1"]
[WhiteElo "1317"]
[BlackElo "1897"]
[PlyCount "66"]
[EventDate "2014.??.??"]
[Source "Sylvain Rivier"]
[SourceDate "2014.07.26"]

1. e4 e5 2. Nf3 Nc6 3. Bc4 Nf6 4. Ng5 Bc5 5. Nxf7 Bxf2+ 6. Kxf2 Nxe4+ 7. Kf1
Qh4 8. Qf3 Nd4 9. g3 Nxf3 10. gxh4 Rf8 11. d3 d5 12. Bxd5 Bh3+ 13. Ke2 Nd4+ 14.
Ke3 Nxc2+ 15. Kxe4 Bg2+ 16. Kxe5 Bxd5 17. Kxd5 Rxf7 18. Na3 Nxa1 19. Be3 Nb3
20. axb3 O-O-O+ 21. Kc4 Rf3 22. Bxa7 b6 23. Nb5 Kb7 24. Ra1 Rfxd3 25. Kb4 c6
26. Nc3 R3d4+ 27. Ka3 Ra8 28. Ka2 Rxa7+ 29. Kb1 Rxa1+ 30. Kxa1 Rxh4 31. Ne2
Rxh2 32. Nf4 g5 33. Ne6 g4 0-1

[Event "22ème Open de Saint-Affrique"]
[Site "Saint Affrique (12)"]
[Date "2014.07.24"]
[Round "7.42"]
[White "Lalot, Hugues"]
[Black "Aubry, Fabien"]
[Result "1/2-1/2"]
[WhiteElo "1573"]
[BlackElo "1884"]
[PlyCount "127"]
[EventDate "2014.??.??"]
[Source "Sylvain Rivier"]
[SourceDate "2014.07.26"]

1. d4 e6 2. Nf3 f5 3. Nc3 Nf6 4. Bg5 d5 5. e3 c5 6. Bb5+ Bd7 7. Qe2 Bd6 8. Ne5
O-O 9. h3 a6 10. Bxd7 Nbxd7 11. f4 Qb6 12. Nxd7 Nxd7 13. O-O-O Rac8 14. Qd3 Qc7
15. g4 cxd4 16. exd4 Bxf4+ 17. Bxf4 Qxf4+ 18. Kb1 Nb6 19. Rdf1 Qg5 20. gxf5
Rxf5 21. Rxf5 Qxf5 22. Qg3 Rf8 23. a3 Qf2 24. Qe5 Qf6 25. Qc7 Nc4 26. Qxb7 Qxd4
27. Qxa6 Qe5 28. Qc6 Rb8 29. Ka1 Nxb2 30. Rb1 Nc4 31. Rxb8+ Qxb8 32. Na4 Nxa3
33. Qxe6+ Kh8 34. Nb6 Nxc2+ 35. Kb2 Nb4 36. Kc3 Na2+ 37. Kd4 h6 38. Nxd5 Qb2+
39. Kd3 Qc1 40. Kd4 Qd2+ 41. Kc5 Qa5+ 42. Kd4 Qd8 43. Ke5 Nc1 44. Kf4 Qh4+ 45.
Ke5 Nb3 46. Kd6 Qd8+ 47. Ke5 Qg5+ 48. Kd6 Qd8+ 49. Ke5 Qb8+ 50. Qd6 Qxd6+ 51.
Kxd6 g5 52. Nf6 Kg7 53. Ke5 Kg6 54. Ng4 Nc1 55. Ke4 Ne2 56. Kf3 Nf4 57. h4 h5
58. Nf2 Ne6 59. Kg3 Kf5 60. hxg5 Nxg5 61. Kh4 Kg6 62. Nd3 Nf3+ 63. Kg3 Ng5 64.
Nf4+ 1/2-1/2

[Event "22ème Open de Saint-Affrique"]
[Site "Saint Affrique (12)"]
[Date "2014.07.24"]
[Round "7.43"]
[White "Grimault, Nathan"]
[Black "Soblechero, Hugo"]
[Result "1-0"]
[WhiteElo "1820"]
[BlackElo "1575"]
[PlyCount "117"]
[EventDate "2014.??.??"]
[Source "Sylvain Rivier"]
[SourceDate "2014.07.26"]

1. c4 b6 2. Nc3 Bb7 3. d4 e6 4. Nf3 Nf6 5. Qc2 Bb4 6. Bg5 O-O 7. Bxf6 Qxf6 8.
e4 Qg6 9. Ne5 Qxe4+ 10. Qxe4 Bxe4 11. f3 Bb7 12. O-O-O d6 13. Nd3 Bxc3 14. bxc3
c5 15. dxc5 dxc5 16. Ne5 Nc6 17. Nxc6 Bxc6 18. Rd6 Bb7 19. Be2 Rfd8 20. Rhd1
Rxd6 21. Rxd6 Kf8 22. Rd7 Bc8 23. Rc7 a5 24. Bd3 h6 25. Kd2 g5 26. Be4 Rb8 27.
Bc6 Kg7 28. Ke3 Ba6 29. Bb5 Bb7 30. Be8 Bxf3 31. Rxf7+ Kg8 32. Kxf3 Rxe8 33.
Rb7 Rd8 34. Ke3 Rd6 35. g4 Kf8 36. a4 e5 37. Ke4 Re6 38. Kf5 Rd6 39. Kxe5 Rd3
40. Rxb6 Rxc3 41. Kd5 Ra3 42. Rxh6 Rxa4 43. Kxc5 Kg7 44. Ra6 Ra2 45. Kd5 a4 46.
Ke4 a3 47. Kf5 Rxh2 48. Rxa3 Rc2 49. Ra7+ Kf8 50. Kf6 Ke8 51. Rc7 Kd8 52. Rc5
Kd7 53. Kxg5 Kd6 54. Rd5+ Kc6 55. Rd4 Kc5 56. Rf4 Re2 57. Kg6 Re8 58. g5 Rg8+
59. Kh6 1-0

[Event "22ème Open de Saint-Affrique"]
[Site "Saint Affrique (12)"]
[Date "2014.07.24"]
[Round "7.44"]
[White "Hirschmann, Georges"]
[Black "Degraeve, Thomas"]
[Result "0-1"]
[WhiteElo "1801"]
[BlackElo "1559"]
[PlyCount "52"]
[EventDate "2014.??.??"]
[Source "Sylvain Rivier"]
[SourceDate "2014.07.26"]

1. d4 e6 2. c4 b6 3. Nf3 Bb7 4. g3 Nf6 5. Bg2 Bb4+ 6. Bd2 Bxd2+ 7. Qxd2 O-O 8.
Nc3 d5 9. cxd5 Nxd5 10. O-O Nd7 11. Rac1 Nxc3 12. Qxc3 Rc8 13. b4 Qe7 14. b5 c6
15. Qb2 cxb5 16. Qxb5 Nf6 17. Ne5 Bxg2 18. Kxg2 Qa3 19. Nc6 Kh8 20. Rc2 Rc7 21.
e3 Rfc8 22. Rfc1 h6 23. Qb1 Qa4 24. Nb4 Rxc2 25. Nxc2 Rc3 26. Ne1 Qc6+ 0-1

[Event "22ème Open de Saint-Affrique"]
[Site "Saint Affrique (12)"]
[Date "2014.07.24"]
[Round "7.45"]
[White "Viguie, Serge"]
[Black "Caudrelier, Pierre"]
[Result "1-0"]
[WhiteElo "1783"]
[BlackElo "1510"]
[PlyCount "55"]
[EventDate "2014.??.??"]
[Source "Sylvain Rivier"]
[SourceDate "2014.07.26"]

1. e4 e5 2. Nf3 Nc6 3. d4 exd4 4. c3 dxc3 5. Bc4 Nf6 6. e5 cxb2 7. Bxb2 Bb4+ 8.
Nc3 Ng4 9. O-O O-O 10. Nd5 Ba5 11. h3 Nh6 12. Qb3 d6 13. Rfd1 Kh8 14. exd6 cxd6
15. Qe3 Nf5 16. Qf4 Nce7 17. g4 Nxd5 18. Rxd5 Be6 19. gxf5 Bxd5 20. Bxd5 f6 21.
Nd4 Qb6 22. Bb3 Rfe8 23. Ne6 h6 24. Qg4 Re7 25. Qh5 Qb4 26. Qg6 Rae8 27. Ng5
Rg8 28. Qh7# 1-0

[Event "22ème Open de Saint-Affrique"]
[Site "Saint Affrique (12)"]
[Date "2014.07.24"]
[Round "7.46"]
[White "De Muyser, Xavier"]
[Black "Pont, Frederic"]
[Result "0-1"]
[WhiteElo "1723"]
[BlackElo "1527"]
[PlyCount "34"]
[EventDate "2014.??.??"]
[Source "Sylvain Rivier"]
[SourceDate "2014.07.26"]

1. e4 c5 2. Nf3 Nc6 3. d3 d5 4. Nbd2 Bg4 5. h3 Bh5 6. g4 Bg6 7. Nh4 Nf6 8. Nxg6
hxg6 9. g5 Nh5 10. Nb3 dxe4 11. Nxc5 Qa5+ 12. Bd2 Qxc5 13. dxe4 O-O-O 14. Qg4+
e6 15. c3 Ne5 16. Qd1 Nf4 17. Qc2 Ned3+ 0-1

[Event "22ème Open de Saint-Affrique"]
[Site "Saint Affrique (12)"]
[Date "2014.07.24"]
[Round "7.47"]
[White "Dubertrand, Bernard"]
[Black "Petit, Jimmy"]
[Result "0-1"]
[WhiteElo "1647"]
[BlackElo "1459"]
[PlyCount "48"]
[EventDate "2014.??.??"]
[Source "Sylvain Rivier"]
[SourceDate "2014.07.26"]

1. e4 e6 2. f4 d5 3. exd5 exd5 4. Nf3 Nf6 5. d4 c5 6. Bb5+ Nc6 7. Ne5 Bd7 8.
Nxd7 Qxd7 9. O-O Be7 10. Be3 cxd4 11. Bxd4 O-O 12. c3 a6 13. Bxf6 Bxf6 14. Ba4
b5 15. Bc2 d4 16. Rf3 Qa7 17. Kh1 dxc3 18. bxc3 Rad8 19. Nd2 b4 20. Rh3 g6 21.
Qf3 Bxc3 22. Rd1 Rxd2 23. Rxd2 Bxd2 24. Qg3 Re8 0-1

[Event "22ème Open de Saint-Affrique"]
[Site "Saint Affrique (12)"]
[Date "2014.07.24"]
[Round "7.48"]
[White "Libiszewski, Christian"]
[Black "Meyer, Bernard"]
[Result "0-1"]
[WhiteElo "1640"]
[BlackElo "1397"]
[PlyCount "116"]
[EventDate "2014.??.??"]
[Source "Sylvain Rivier"]
[SourceDate "2014.07.26"]

1. e4 e6 2. d3 d6 3. Be3 Nf6 4. Nd2 Be7 5. f4 Nc6 6. c3 b6 7. Be2 Bb7 8. Qc2
Qd7 9. Ngf3 h6 10. O-O-O O-O-O 11. d4 Qe8 12. h3 Kb8 13. g4 Nh7 14. Rhg1 g5 15.
f5 Nf6 16. Kb1 Bf8 17. e5 dxe5 18. dxe5 Nd5 19. Nf1 Nxe3 20. Nxe3 Bc5 21. Rxd8+
Nxd8 22. Qd2 Be4+ 23. Kc1 exf5 24. gxf5 Bxe3 25. Qxe3 Bxf5 26. Nd4 Bc8 27. Rf1
Bb7 28. Bh5 Bd5 29. b3 Rf8 30. Nf5 Nc6 31. Nxh6 Nxe5 32. Qxg5 Nd3+ 33. Kd2 Ne5
34. Re1 f6 35. Bxe8 Nf3+ 36. Kd3 Nxg5 37. h4 Nf3 38. Rf1 Nxh4 39. Ba4 c5 40. c4
Bb7 41. a3 f5 42. Rf4 Be4+ 43. Kc3 Ng2 44. Rf2 Ne3 45. Kd2 Nc2 46. Bd7 Rd8 47.
Kc3 Rxd7 48. Rxc2 Bxc2 49. Kxc2 f4 50. Ng4 f3 51. Ne3 f2 52. Nf1 Kc8 53. Ne3
Rd4 54. Nf1 Kd8 55. Ne3 Ke8 56. Nf1 Kf7 57. Ne3 Kf6 58. Nf1 Kf5 0-1

[Event "22ème Open de Saint-Affrique"]
[Site "Saint Affrique (12)"]
[Date "2014.07.24"]
[Round "7.49"]
[White "Achard-Rozan, Celian"]
[Black "Leblic, Pierre"]
[Result "0-1"]
[WhiteElo "1330"]
[BlackElo "1620"]
[PlyCount "56"]
[EventDate "2014.??.??"]
[Source "Sylvain Rivier"]
[SourceDate "2014.07.26"]

1. e4 c5 2. c3 Nf6 3. d3 e5 4. Bg5 Be7 5. f4 d6 6. Nd2 Nbd7 7. Ngf3 h6 8. Bxf6
Bxf6 9. Nc4 Nb6 10. fxe5 dxe5 11. Ncxe5 Qe7 12. d4 O-O 13. Bd3 Bxe5 14. Nxe5
cxd4 15. cxd4 Qb4+ 16. Qd2 Qxd4 17. Nf3 Qd8 18. O-O Be6 19. b3 Nd7 20. Bb5 Qb6+
21. Nd4 Rad8 22. Kh1 Nf6 23. Rad1 Bg4 24. Bc4 Bxd1 25. Rxd1 Nxe4 26. Qb2 Qf6
27. Kg1 Rd6 28. Qa1 Rfd8 0-1